01733cam a22003734i 4500003000900000005001700009008004100026020001500067035002700082040003300109082001900142100003400161245008600195264004100281300003800322336002100360337002500381338002300406504002800429505070400457526001001161526001001171526001001181526001001191526000801201526000801209526000801217526000801225526000801233526000801241526000801249630004401257650005801301PE-LiUPU20250731173127.0150623s r 000 0 d a0553271121 a(Sirsi) i9780553271126 aPE-LiUPUbspacPE-LiUPUerda04a223.8bS982211 aSwindoll, Charles R.,eautor.10aLiving on the ragged edge :bcoming to terms with reality /cCharles R. Swindoll. 1aNew York, NY :bBantam Books,c1988. a415 páginas ;c17 centímetros atext2rdacontent aunmediated2rdamedia avolume2rdacarrier aIncluye bibliografía.0 aJournal of a desperate journey. -Chasing the wind. -Eat, drink,..and be what?. -More miles of bad road. -Do you know what time it is?. -Interlude of rare insight. -Confessions of a cynic. -The lonely whine of the top dog. One plus one equals survival. -What every worshiper should remember. -Straight talk to the money-mad. -The few years of a futile life. -Wise words for busy people. -Putting wisdom to work. -The qualities of a good boss. -Mysteries that defy explanation. -Have a blast while you last!. -An objetive view of the rat race. -Be sensible!. -A fool's portrait. Be bullish!. -Enjoying life now, not later. -Gray hairs, fewer teeth, yet a big smile. -Wrapping up a ragged-edge journey. aSEG42 aSEG41 aSEG40 aSEG39 aP94 aP87 aP86 aP85 aP77 aP76 aP35 aBiblia.pA.T.pEclesiastésvSermones.04aIglesia libre evangélicaxSermoneszEstados Unidos.